Measuring the effectiveness of quality assurance systems in the construction industry (Record no. 56900)

MARC details
000 -LEADER
fixed length control field 01197cab a2200289 4500
001 - CONTROL NUMBER
control field ABS59587
008 - FIXED-LENGTH DATA ELEMENTS--GENERAL INFORMATION
fixed length control field 090401t1998 xxu||||| |||| 00| 0 eng d
035 ## - SYSTEM CONTROL NUMBER
System control number (Sirsi) u89877
041 ## - LANGUAGE CODE
Language code of text/sound track or separate title eng
100 ## - MAIN ENTRY--PERSONAL NAME
Personal name Williams, T.
245 ## - TITLE STATEMENT
Title Measuring the effectiveness of quality assurance systems in the construction industry
260 ## - PUBLICATION, DISTRIBUTION, ETC.
Date of publication, distribution, etc. 1998
350 ## - PRICE (NR) (BK AM CF MU VM SE) [OBSOLETE]
Price 0
490 ## - SERIES STATEMENT
Series statement Property Management
Volume/sequential designation 16(4) 1998, 222-228(7)
520 ## - SUMMARY, ETC.
Summary, etc. Many large construction companies in the UK are now operating a quality assurance (QA) system to ISO 9000, yet there seems to be no available evidence that they have developed any way of measuring the `effectiveness` of their systems in meeting prescribed quality objectives. The paper discusses the difficulties faced in attempting to develop a model in the form of a matrix to measure the effectiveness of QA systems. (Journal abstract)
650 ## - SUBJECT ADDED ENTRY--TOPICAL TERM
Topical term or geographic name entry element CONSTRUCTION INDUSTRY
650 ## - SUBJECT ADDED ENTRY--TOPICAL TERM
Topical term or geographic name entry element ISO 9000
650 ## - SUBJECT ADDED ENTRY--TOPICAL TERM
Topical term or geographic name entry element Measurement
9 (RLIN) 6256
650 ## - SUBJECT ADDED ENTRY--TOPICAL TERM
Topical term or geographic name entry element QUALITY ASSURANCE SYSTEMS
650 ## - SUBJECT ADDED ENTRY--TOPICAL TERM
Topical term or geographic name entry element RESEARCH
690 ## - LOCAL SUBJECT ADDED ENTRY--TOPICAL TERM (OCLC, RLIN)
Topical term or geographic name as entry element BUILT ENVIRONMENT
700 ## - ADDED ENTRY--PERSONAL NAME
Personal name Hibberd, P.
700 ## - ADDED ENTRY--PERSONAL NAME
Personal name Gronow, S.
700 ## - ADDED ENTRY--PERSONAL NAME
Personal name Al-Nakeeb, A.A.R.
942 ## - ADDED ENTRY ELEMENTS (KOHA)
Suppress in OPAC 0
948 ## - LOCAL PROCESSING INFORMATION (OCLC); SERIES PART DESIGNATOR (RLIN)
c (OCLC) 23/11/1998
Holdings
Withdrawn status Lost status Source of classification or shelving scheme Damaged status Not for loan Home library Current library Shelving location Date acquired Total Checkouts Full call number Barcode Date last seen Copy number Price effective from Koha item type
    Dewey Decimal Classification     London London Journal article 14/09/1999   ABS59587 89877-1001 06/08/2019 1 06/08/2019 Journal article